000
00255nam a22001097a 4500
008
170118b xxu||||| |||| 00| 0 eng d
020
_a
9780323018555
041
_a
eng
080
_6
6TH
_a
618.2
245
_a
MEDICAL-SURGICAL NURSING
_c
LEWIS
942
_2
udc
_c
BK
999
_c
3107
_d
3107